| 000 | 00476nam a2200205Ia 4500 | ||
|---|---|---|---|
| 008 | 170918s9999 xx 000 0 und d | ||
| 020 | _a9780312581473 | ||
| 050 | _bK741dr 2007 | ||
| 100 | _aKnox, Elizabeth | ||
| 245 | _aDreamquake / | ||
| 245 | _cby Elizabeth Knox. | ||
| 260 | _aNew York : | ||
| 260 | _bSquare Fish, | ||
| 260 | _c2007 | ||
| 300 | _a449 pages : | ||
| 300 | _billustrations ; | ||
| 300 | _c21cm. | ||
| 300 | _eDreamhunter duet ; | ||
| 440 | _a2 | ||
| 999 |
_c343870 _d343870 |
||